Kavya-shree (Record no. 6545)

MARC details
000 -LEADER
fixed length control field 00512cam a2200205ua 4500
001 - CONTROL NUMBER
control field 7427
005 - DATE AND TIME OF LATEST TRANSACTION
control field 20260515114218.0
008 - FIXED-LENGTH DATA ELEMENTS--GENERAL INFORMATION
fixed length control field 141224n ii |||gr||||Z||||||ben
040 ## - CATALOGING SOURCE
Transcribing agency MAIN
041 ## - LANGUAGE CODE
Language code of text/sound track or separate title ben
082 ## - DEWEY DECIMAL CLASSIFICATION NUMBER
Classification number 891.44
100 ## - MAIN ENTRY--PERSONAL NAME
Personal name Dasgupta, S. Kr.,
Relator term Author.
245 ## - TITLE STATEMENT
Title Kavya-shree
Statement of responsibility, etc. By Sudhir Kumar Dasgupta
250 ## - EDITION STATEMENT
Edition statement 1st.
260 ## - PUBLICATION, DISTRIBUTION, ETC.
Place of publication, distribution, etc. Kolkatta:
Name of publisher, distributor, etc. M. Mukherjee,
Date of publication, distribution, etc. 1966.
300 ## - PHYSICAL DESCRIPTION
Extent 158p.
653 ## - INDEX TERM--UNCONTROLLED
Uncontrolled term East Indo-European & Celtic literatures
653 ## - INDEX TERM--UNCONTROLLED
Uncontrolled term Bengali literature
942 ## - ADDED ENTRY ELEMENTS (KOHA)
Koha item type Books
Holdings
Withdrawn status Lost status Damaged status Not for loan Home library Current library Shelving location Date acquired Total checkouts Full call number Barcode Date last seen Copy number Price effective from Koha item type Date last checked out
        Naharkatiya College Library Naharkatiya College Library General stacks 09/19/2020   891.44 | DAS 12297 09/19/2020 5 09/19/2020 Books  
        Naharkatiya College Library Naharkatiya College Library General stacks 09/19/2020   891.44 | DAS 12356 09/19/2020 6 09/19/2020 Books  
        Naharkatiya College Library Naharkatiya College Library General stacks 09/19/2020   891.44 | DAS 12357 09/19/2020 2 09/19/2020 Books  
        Naharkatiya College Library Naharkatiya College Library General stacks 09/19/2020   891.44 | DAS 12358 09/19/2020 7 09/19/2020 Books  
        Naharkatiya College Library Naharkatiya College Library General stacks 09/19/2020   891.44 | DAS 12359 09/19/2020 4 09/19/2020 Books  
        Naharkatiya College Library Naharkatiya College Library General stacks 09/19/2020   891.44 | DAS 12360 09/19/2020 3 09/19/2020 Books  
        Naharkatiya College Library Naharkatiya College Library General stacks 09/19/2020 1 891.44 | DAS 12545 10/20/2020 8 09/19/2020 Books 10/20/2020
        Naharkatiya College Library Naharkatiya College Library General stacks 09/19/2020   891.44 | DAS 12546 09/19/2020 1 09/19/2020 Books